000
00289nam a22001217a 4500
041
_a
ENG
082
_a
324.245
_b
VIC
100
_a
Victus Solomon
245
_a
Cultural Nationalism : The Making of an Indian Nation
260
_a
Serampore
_b
SATHRI
_c
2021
650
_a
HINDUTVA
942
_c
BK
999
_c
23313
_d
23313